|
|
|
|
| LEADER |
01498nam a2200409 a 4500 |
| 001 |
EBC168489 |
| 003 |
MiAaPQ |
| 005 |
20200520144314.0 |
| 006 |
m o d | |
| 007 |
cr cn||||||||| |
| 008 |
010108s2000 enka sb 001 0 eng |
| 010 |
|
|
|z 00042482
|
| 015 |
|
|
|a GBA1-3246
|
| 016 |
7 |
|
|a 0415229758
|2 Uk
|
| 020 |
|
|
|z 0415229758
|
| 035 |
|
|
|a (MiAaPQ)EBC168489
|
| 035 |
|
|
|a (Au-PeEL)EBL168489
|
| 035 |
|
|
|a (CaPaEBR)ebr5004178
|
| 035 |
|
|
|a (CaONFJC)MIL40213
|
| 035 |
|
|
|a (OCoLC)49569967
|
| 040 |
|
|
|a MiAaPQ
|c MiAaPQ
|d MiAaPQ
|
| 050 |
|
4 |
|a HF5429.6.J3
|b M38 2000
|
| 082 |
0 |
4 |
|a 381.120952
|2 21
|
| 100 |
1 |
|
|a Matsunaga, Louella,
|d 1959-
|
| 245 |
1 |
4 |
|a The changing face of Japanese retail
|h [electronic resource] :
|b working in a chain store /
|c Louella Matsunaga.
|
| 260 |
|
|
|a London :
|b Routledge,
|c 2000.
|
| 300 |
|
|
|a xiii, 209 p. :
|b ill.
|
| 490 |
1 |
|
|a Nissan Institute/Routledge Japanese studies series
|
| 504 |
|
|
|a Includes bibliographical references and index.
|
| 533 |
|
|
|a Electronic reproduction. Ann Arbor, MI : ProQuest, 2015. Available via World Wide Web. Access may be limited to ProQuest affiliated libraries.
|
| 610 |
2 |
0 |
|a Nagasakiya (1948)
|x History.
|
| 650 |
|
0 |
|a Retail trade
|z Japan.
|
| 650 |
|
0 |
|a Stores, Retail
|z Japan.
|
| 655 |
|
4 |
|a Electronic books.
|
| 710 |
2 |
|
|a ProQuest (Firm)
|
| 830 |
|
0 |
|a Nissan Institute/Routledge Japanese studies series.
|
| 856 |
4 |
0 |
|u https://ebookcentral.proquest.com/lib/matrademy/detail.action?docID=168489
|z Click to View
|